В помощь читателю. Вып. 11: Естествознание (Запись № 8916018)

Подробности
000 -МАРКЕР
контрольное поле 01613nam2a22003011 4500
001 - ИДЕНТИФИКАТОР ЗАПИСИ
контрольное поле rc\3954776
005 - ИДЕНТИФИКАТОР ВЕРСИИ
контрольное поле 20250611034842.0
021 ## - НОМЕР ГОСУДАРСТВЕННОЙ РЕГИСТРАЦИИ
Код страны Российская Федерация
Номер [58-58447]
035 ## - ДРУГИЕ СИСТЕМНЫЕ НОМЕРА
Идентификатор записи (NLR Aleph) 008046763
100 ## - ДАННЫЕ ОБЩЕЙ ОБРАБОТКИ
Данные общей обработки 20130415d1958 |||y0rusy50 ca
101 0# - ЯЗЫК РЕСУРСА
Язык текста, звукозаписи и т.д. русский
102 ## - СТРАНА ПУБЛИКАЦИИ ИЛИ ПРОИЗВОДСТВА
Страна публикации Российская Федерация
105 ## - ПОЛЕ КОДИРОВАННЫХ ДАННЫХ: ТЕКСТОВЫЕ МАТЕРИАЛЫ, МОНОГРАФИЧЕСКИЕ
Кодированные данные о монографическом текстовом документе y z |||||
200 1# - ЗАГЛАВИЕ И СВЕДЕНИЯ ОБ ОТВЕТСТВЕННОСТИ
Основное заглавие Естествознание
Первые сведения об ответственности [Сост.: Г.Н. Белавенцева, Г.П. Богатова, С.С. Левина и др.]
210 ## - ПУБЛИКАЦИЯ, РАСПРОСТРАНЕНИЕ И ДР.
Дата издания, распространения и т.д. 1958
Место издания, распространения и т.д. Б. м.
215 ## - ФИЗИЧЕСКАЯ ХАРАКТЕРИСТИКА
Специфическое обозначение материала и объем 77 с. на 17 отд. л. в обертке
Размеры 17х10
461 #0 - УРОВЕНЬ НАБОРА
Встроенное поле 001rc\3954765
-- 2001#$aВ помощь читателю$eАннотир. планы чтения$eВып. 1-$fМ-во культуры РСФСР. Гос. ордена Ленина б-ка СССР им. В.И. Ленина$vВып. 11
Системный номер (АБИС) связанной записи 8915952
Место публикации Москва
Дата публикации 1955-
Первые сведения об ответственности М-во культуры РСФСР. Гос. ордена Ленина б-ка СССР им. В.И. Ленина
Имя издателя, распространителя и т.д. Б. и.
Сведения, относящиеся к заглавию Аннотир. планы чтения : Вып. 1-
Заглавие В помощь читателю
Номер тома Вып. 11
606 ## - НАИМЕНОВАНИЕ ТЕМЫ КАК ПРЕДМЕТ
Наименование темы Естествознание
Формальный подзаголовок Библиография (вып. 11)
Код системы psbo
702 #1 - ИМЯ ЛИЦА - ВТОРИЧНАЯ ОТВЕТСТВЕННОСТЬ
Начальный элемент ввода Богатова
Часть имени, кроме начального элемента ввода Г.П.
Код отношения Составитель
702 #1 - ИМЯ ЛИЦА - ВТОРИЧНАЯ ОТВЕТСТВЕННОСТЬ
Начальный элемент ввода Белавенцева
Часть имени, кроме начального элемента ввода Г.Н.
Расширение инициалов личного имени Галина Николаевна
Код отношения Составитель
702 #1 - ИМЯ ЛИЦА - ВТОРИЧНАЯ ОТВЕТСТВЕННОСТЬ
Код отношения Составитель
Графика поля Кириллица
Материалы, к которым относится поле rus
Начальный элемент ввода Левина
Часть имени, кроме начального элемента ввода С. С.
Дополнения к именам, кроме дат канд. пед. наук, библиограф
Расширение инициалов личного имени Суламифь Соломоновна
Системный номер авторитетной/нормативной записи 243720
Идентификатор авторитетной/нормативной записи RU\NLR\AUTH\770243776
801 #0 - ИСТОЧНИК ЗАПИСИ
Страна Российская Федерация
Организация NLR
Правила каталогизации psbo
801 #1 - ИСТОЧНИК ЗАПИСИ
Страна Российская Федерация
Организация ELAR
Источник данных rusmarc
852 ## - МЕСТОНАХОЖДЕНИЕ И ШИФР ХРАНЕНИЯ
Идентификатор организации NLR
Шифр хранения (Call Number) Б Б593/В115
942 ## - ДОПОЛНИТЕЛЬНЫЕ ЭЛЕМЕНТЫ ЗАПИСИ (АБИС)
Тип экземпляра АБИС Книга
980 ## - КОЛЛЕКЦИЯ
Название коллекции Национальная библиография
Экземпляры
Тип экземпляра Дата поступления Библиотека постоянного хранения Библиотека текущего хранения Место хранения Шифр хранения Штрих-код Статус экземпляра
Книга 26.10.2013 РНБ (Садовая) РНБ (Садовая) Фонд литературы по библиотековедению Б Б593/В115 8046763-10